Statistics for Atolls of the Marshall Islands

Click here to take the quiz!

General Stats

  • This quiz has been taken 12 times
  • The average score is 17 of 35

Answer Stats

Answer% Correct
Ailuk
88%
Majuro
88%
Bikini
75%
Jaluit
75%
Ailinglaplap
63%
Arno
63%
Aur
63%
Kili
63%
Lib
63%
Wotho
63%
Wotje
63%
Ebon
50%
Jabat
50%
Kwajalein
50%
Lae
50%
Likiep
50%
Maloelap
50%
Mejit
50%
Mili
50%
Namu
50%
Rongelap
50%
Utirik
50%
Aillinginae
38%
Bikar
38%
Bokak
38%
Ejit
38%
Erikub
38%
Namorik
38%
Rongerick
38%
Ujae
38%
Eniwetok
25%
Jemo
25%
Knox
25%
Toke
25%
Ujelang
25%

Score Distribution

Percentile by Number Answered

Percent of People with Each Score

Your Score History

You have not taken this quiz